000 00537nam a22002057a 4500
001 22160
005 20260330173331.0
008 260330b |||||||| |||| 00| 0 spa d
041 _aESP
082 _a711.409854
_bZ55
100 _aZeballos Velarde, Carlos,
_eAUT
245 _aCosturas urbanas :
_bred de centralidades barriales en la periferia de Arequipa
260 _a :
_b ,
_c2021
300 _a117 páginas :
_b ;
_c24 cm.
440 _a ;
650 _aBAR
654 _aCAU
700 _a;
942 _cLIB
_dJUS
_fJUS
_n0
_2ddc
999 _c22160
_d22160